000 00881nas a2200265Ia 4500
001 A09/R115-4820 [r000001957]
003 IT-MiCISF
008 161014c99999999xx |||||||||||| ||und||
040 _aIT-MiCISF
_cIT-MiCISF
041 _aITALIANO
100 _aSerra Angelo
210 _aProgetto donna
222 _aProgetto donna
245 0 _aLa manipolazione genetica
250 _a1a ed.
260 _c1985
501 _bCISF - Centro Internazionale Studi Famiglia - Via Giotto, 36 20145 MILANO (non commercial uses only)
_cCopyright 2016
300 _app. 17-35
362 _a4-5, settembre-ottobre [1985]
500 _a Tema: bioetica, genetica, filosofia, valori, diritti-umani, senso-della-vita, procreazione, amore, coniugi, tecnologie-riproduttive
650 _aBIOETICA
_vdossier
700 _a Sgreccia Elio
942 _cCR
957 _71
999 _a4820
_bSi
_g1
_c222944
_d222944